Statystyki dla Egipt - Muhafazy - Podział administracyjny Egiptu - Mapa

Kliknij tutaj aby rozwiązać quiz!

Ogólne statystyki

  • Ten quiz został rozwiązany 83 razy
  • Średni wynik to 8 z 27

Odpowiedzi na mapie

Odpowiedzi skodowane kolorowo w zielono-czerwonej skali na mapie do tego quizu, zgodnie z poniższymi procentami.
 

Statystyki odpowiedzi

MuhafazaStolica% Poprawnych
KairKair
95%
AleksandriaAleksandria
85%
SuezSuez
70%
GizaGiza
60%
Port SaidPort Said
40%
Synaj PółnocnyArisz
40%
Synaj PołudniowyAt-Tur
40%
LuksorLuksor
35%
Prowincja Morza CzerwonegoHurghada
35%
DamiettaDamietta
25%
Nowa DolinaCharga
25%
Al-MinjaAl-Minja
20%
AsjutAsjut
20%
Bani SuwajfBani Suwajf
20%
FajumFajum
20%
IsmailiaIsmailia
20%
KinaKina
20%
MatruhMatruh
20%
Prowincja WschodniaAz-Zakazik
20%
Prowincja ZachodniaTanta
20%
AsuanAsuan
15%
SauhadżSauhadż
15%
Kafr asz-ShajchKafr asz-Szajch
10%
Ad-DakahlijjaMansura
5%
Al-BuhajraDamanhur
5%
Al-KaljubijjaBanha
5%
Al-MinufijjaSzibin al-Kaum
5%

Rozkład punktacji

Percentyl według liczby udzielonych odpowiedzi

Procent ludzi z każdym wynikiem

Twoja historia wyników

Nie rozwiązałeś tego quizu